Personnages Disney de A a Z par images - Statistiques

Statistiques générales
  • Ce quiz a été pris 222 fois
    159 depuis la dernière actualisation
  • Le résultat moyen est 20 sur 26
Statistiques - réponses
Par images Hint Réponse % Correct
D Dumbo
99%
C Cruella d'Enfer
97%
V Vaiana
94%
U Ursula
92%
Q Quasimodo
91%
B Bianca
90%
J Joyeux
90%
M Maléfique
90%
W Winnie l'ourson
88%
G Gus
87%
H Hadès
86%
P Pascal
85%
T Tic et Tac
84%
K Kristoff
82%
F Fleur
76%
N Nana
72%
I Iago
71%
R Rafiki
71%
Z Zip
67%
O Oliver
65%
L Le Lapin Blanc
64%
E Elliott
63%
A Archimède
62%
S Shere Khan
60%
Y Yzma
59%
X Xerxes
4%
Aucun quiz correspondant
Distribution des résultats
% des personnes avec chaque résultat
Percentile par nombre de réponses
Votre historique - résultats
Vous n’avez pas pris ce quiz depuis la dernière actualisation